| 000 | 00392nmm a2200145Ia 4500 | ||
|---|---|---|---|
| 008 | 251105s9999||||xx |||||||||||||||||und|| | ||
| 041 | _aspa | ||
| 100 | _aCourtenay, Christina | ||
| 245 | 0 | _aVientos alisios | |
| 264 |
_a[Madrid, España] : _bLibros de Seda, _c2016 |
||
| 300 | _a0 páginas | ||
| 650 | _aRomance | ||
| 856 | _uhttps://public.digitaliapublishing.com/a/88055 | ||
| 942 | _cCF | ||
| 999 |
_c105892 _d105892 |
||